000
00217 a2200097 4500
001
30258
100
_a
Kirst, H H
245
_a
Zero Eight Fifteen
260
_a
London
_b
Wadenfeld & Nicolson
_c
090
_c
20201
_d
20201
942
_a
NUST-CAE
_c
M
_c
11339
999
_c
265331
_d
265331